000 00480nam a2200193Ia 4500
003 GCL
008 140319s9999 xx 000 0 eng d
040 _aGCL /
_cGCL
082 0 4 _aCH
_b823.087
_bD F
100 1 _aDICKENS, CHARLES
245 1 0 _aDIVID COPPERFIELD /
_cDICKENS, CHARLES
260 _a[S.N] :
_bPETER HODDOCK PUBLISHING
300 _a240 PP
650 0 4 _aLITERATURE
650 0 4 _aCHILDREN
650 0 4 _aTALES
650 0 4 _aCHILDREN - STORIES
942 _2ddc
_cBK
999 _c18134
_d18134